Taylor Swift or Shakespeare - Statistics

General Stats
  • This quiz has been taken 48 times
  • The average score is 10 of 13
Answer Stats
Question Answer % Correct
"Life is a paradise to what we fear of death." Shakespeare
90%
"You speak an infinite deal of nothing." Shakespeare
87%
"If the story's over, why am i still writing pages?' Taylor Swift
87%
"My dull brain was wrung with things forgotten." Shakespeare
85%
“But men may construe things after their fashion, Clean from the purpose of the things themselves.” Shakespeare
85%
'Now i breath flames each time i talk, my cannons all firing at your yacht." Taylor Swift
85%
"I don't like that falling feels like flying until the bone crush." Taylor Swift
85%
"Back when you fit my poems like a perfect rhyme." Taylor Swift
79%
"Your gentleness shall force more than your force move us to gentleness." Shakespeare
74%
"Our maladies were such we could not cure them, and so a touch that was my birthright became foreign" Taylor Swift
69%
"Spinless in my tomb of silence, tore your banners down took the battle underground." Taylor Swift
67%
“Their manners are more gentle, kind, than of our generation you shall find.” Shakespeare
64%
"Devils that you know, raise worse hell than a stranger." Taylor Swift
59%
No matching quizzes found
Score Distribution
Percent of People with Each Score
Percentile by Number Answered
Your Score History
You have not taken this quiz